| 000 | 00618nam a2200229Ia 4500 | ||
|---|---|---|---|
| 003 | OSt | ||
| 005 | 20220924123833.0 | ||
| 006 | a|||||r|||| 00| 0 | ||
| 007 | ta | ||
| 008 | 220923b |||||||| |||| 00| 0 urd d | ||
| 024 | _a326910 | ||
| 037 | _cTextual | ||
| 040 |
_aARTS _cARTS _burd |
||
| 041 |
_2urd _aurd |
||
| 082 | _aO168,3N14,MA, L1 | ||
| 100 | _aChandra Krishan Au. | ||
| 245 | 0 | _aMaharani | |
| 260 |
_aNew Delhi _b Mahnama aaj ka adab India _c1971 |
||
| 650 |
_aURDU FICTION _93298 |
||
| 942 |
_hO168,3N14,MA, L1 _cTEXL _2CC |
||
| 999 |
_c417321 _d417321 |
||